| 000 | 01502nam a2200373 a 4500 | ||
|---|---|---|---|
| 001 | 000109275 | ||
| 003 | CHAP | ||
| 005 | 20220329144044.0 | ||
| 008 | 140415s2013 mx sm |||||||spa d | ||
| 010 | _a105737 | ||
| 011 | _a106709 | ||
| 040 | _cCHAP | ||
| 090 | _aTesis | ||
| 100 | 1 |
_aMontalvo de la Cruz, Irais Xareni _9126586 |
|
| 245 | 1 | 0 |
_aAnálisis técnico-Financiero del proceso de producción de maíz (Zea mays L.) para grano en el municipio de Chignahuapan, Puebla. _h[En línea] _cpor Irais Xareni Montalvo de la Cruz y Jorge Antonio Hernández Alderete. |
| 260 |
_aChapingo, Méx. : _bEl autor, _c2013. |
||
| 500 | _aPara ver el contenido del material haga clic en la liga | ||
| 502 | _aTesis (Ing. Agr. Esp. en Fitotecnia) -- UACH. Departamento de Fitotecnia | ||
| 590 |
_aBATCH-UPD _b10 _c20141002 _lUCH01 _h0901 |
||
| 590 |
_aE11695DGD _b10 _c20140424 _lUCH01 _h1044 |
||
| 590 |
_aE5995AHE _b05 _c20140415 _lUCH01 _h0956 |
||
| 590 |
_aE5995AHE _b05 _c20140415 _lUCH01 _h0959 |
||
| 590 |
_aE5995AHE _b05 _c20140415 _lUCH01 _h1322 |
||
| 590 |
_aE5995AHE _b05 _c20140415 _lUCH01 _h1340 |
||
| 650 | 1 | 4 |
_aAgricultura _xEstadísticas _zPuebla _91463 |
| 650 | 1 | 4 |
_aAgricultura _xInnovaciones tecnológicas. _91565 |
| 650 | 1 | 4 |
_aMaíz _xAspectos económicos. _970865 |
| 650 | 1 | 4 |
_aMaíz _xProducción. _971041 |
| 700 | 1 |
_aHernández Alderete, Jorge Antonio _9126587 |
|
| 856 |
_aFinding aid _uhttp://10.13.5.2/tesis/sist109275.pdf _zTeclea aquí |
||
| 901 | _aBK | ||
| 942 | _cTESIS | ||
| 942 | _n0 | ||
| 999 |
_c105737 _d105737 |
||